000 01085na a2200313 4500
001 22090
003 MIRAKIL
005 20181213155137.0
008 170210b tu 000 0
040 _aMilas
_btur
_cTR-AnCHP
041 _atur
090 _aSHP 5
100 _aKarayalçın, Murat
_cSHP Genel Başkanı
222 _aGenel Başkan Murat Karayalçın'ın konuşmaları
245 _aMurat Karayalçın'ın TBMM grup konuşması (27 Eylül 1994)
_c[Murat Karayalçın]
260 _aAnkara
_b[SHP]
_c27 Eylül1994
300 _a8 s.
_c15 sm.
440 _aSHP yayınları
_pSöylev ve demeçler
600 _aKarayalçın, Murat
_xSöylev ve demeçler
600 _aKarayalçın, Murat
_cSHP Genel Başkanı
_xKonuşmalar, 1994
610 _aSHP
_xSöylev ve demeçler
650 _aSHP Genel başkanları
_xKarayalçın, Murat
_yKonuşmalar, 1994
657 _aMurat Karayalçın'ın konuşmaları
710 _aSHP
740 _aSHP Genel Başkanı Murat Karayalçınl'ın Konuşmaları
830 _aSHP yayınları
942 _2dcc
_cBKS
999 _c7406
_d7406